| 000 | 00703aam a2200253ui 4500 | ||
|---|---|---|---|
| 001 | 011313595 | ||
| 003 | EG-ScBUE | ||
| 005 | 20251130093850.0 | ||
| 008 | 970113s1996 enk f 000 1 eng d | ||
| 020 | _a9780340669990 | ||
| 020 | _a0340669997 | ||
| 040 |
_aStDuBDS _beng _erda _dEG-ScBUE _cEG-ScBUE |
||
| 082 | 0 | 4 |
_a823.914 _222 _bKAY |
| 100 | 1 |
_aKay, Nora, _eauthor. |
|
| 245 | 1 | 0 |
_aLost dreams / _cNora Kay. |
| 264 | 1 |
_aLondon : _bHodder and Stoughton, _c1996. |
|
| 300 |
_a368 pages ; _c24 cm |
||
| 336 |
_atext _2rdacontent _btxt |
||
| 337 |
_aunmediated _2rdamedia _bn |
||
| 338 |
_avolume _2rdacarrier _bnc |
||
| 651 | 7 |
_aScotland _xFiction. _2BUEsh |
|
| 655 | _vReading book | ||
| 942 |
_2ddc _cBB |
||
| 999 |
_c31025 _d30996 |
||